| 000 | 00337nam a2200121Ia 4500 | ||
|---|---|---|---|
| 008 | 210430s9999 xx 000 0 und d | ||
| 082 | _a540 M 4251 A | ||
| 100 | _aPhilip Matthews | ||
| 245 |
_aAdvanced Chemistry Physical and Industrial _cPhilip Matthews |
||
| 260 |
_aSouth Assia _bCambridge _c2006 |
||
| 300 | _a976p | ||
| 942 |
_cBK _2ddc |
||
| 999 |
_c562490 _d562490 |
||